Thomas Belcher

N/A


Categories

Science - Physics0500508097.8000
Science - Math1100257881.5000
Science - Computer Science1100252758.0011
Literature - British1100256977.5000
Literature - European1100257591.0011
History - Cross, Historiography, and Miscellaneous020020101102.5000
Social Science - Other02002099107.5000
Science - Earth0200206885.5000
History - World020020128128.5000
Fine Arts - Music020020115120.0000
History - American0200207581.5000
Current Events - World1000156060.0000
Social Science - Linguistics1000153636.0000
Social Science - Psychology0100107272.0000
Literature - American010010107107.0000
RMP - Greco-Roman Mythology010010141141.0000
RMP - Philosophy010010118118.0000
RMP - World Mythology010010107107.0000
Science - Astronomy0100107373.0000
Science - Biology010010105105.0000
Science - Engineering and Miscellaneous0100109696.0000
Social Science - Economics0100109595.0000
Fine Arts - Miscellaneous000000.0000
Literature - World and Miscellaneous000000.0000
History - European000000.0000
Fine Arts - Architecture000000.0000
Fine Arts - Painting000000.0000
Science - Chemistry000000.0000
RMP - Islam000000.0000

Buzzes

Science - Computer Sciencematrix multiplication2027
History - EuropeanOlympia033
Social Science - Linguisticspronouns2036
Science - Earthwind speed054
Current Events - Worldcorals2060
Science - Earthtectonic plates1068
RMP - Philosophyevolution069
Literature - BritishRosencrantz AND Guildenstern2069
Social Science - Psychologypsychotherapy1072
Science - Astronomycurvature of the universe1073